000 00686nam a2200193 4500
003 LK-CoMWRAF
005 20231214191124.0
008 231214b |||||||| |||| 00| 0 eng d
020 _a9559374605
040 _aLK-CoMWRAF
_dLK-CoMWRAF
_eLK-CoMWRAF
041 _asin
082 _a780
_bAMU
100 _aඅමුණුගම, සරත්
245 _aසංස්කෘතිය, සමාජය හා පරිසරය
246 _aSanskruthiya, samajaya ha parisaraya
260 _aකොළඹ :
_bසදීපා පොත්හල,
_c1977
650 _aසංස්කෘතිය, සමාජය හා පරිසරය--ශ්‍රී ලංකාව
942 _cBK
999 _c4463
_d4463